000 00859cam a2200277 a 4500
008
020 _a0071611622 (pbk.)
049 _aMAIN
090 0 _aQA371.32
_bBRO
100 1 _aBronson, Richard.
245 1 0 _aSchaum's outlines of differential equations /
_cRichard Bronson and Gabriel B. Costa.
250 _a3rd ed.
260 _aNew York :
_bMcGraw-Hill,
_c2006.
300 _axiv, 385 p. :
_bill. ;
_c28 cm.
440 _aSchaum's outline series.
500 _aIncludes index.
650 0 _aDifferential equations
_vOutlines, syllabi.
650 0 _aDifferential equations
_vProblems, exercises.
700 1 _aCosta, Gabriel B.
700 1 _aBronson, Richard.
907 _a.b10325104
_b16-09-13
_c13-12-12
003
005 20230123125511.0
040 _cNUST
942 _cBOOKS
_kQA371.32
_mBRO
999 _c142620
_d142620